MARC

LEADER 00000nam0a2200000 4500
001 250252
005 20231101232539.0
010 |a 5020014931 
035 |a (RuTPU)RU\TPU\book\272434 
090 |a 250252 
100 |a 20140212d1989 k y0rusy50 ca 
101 0 |a rus 
102 |a RU 
105 |a a z 001zy 
200 1 |a Растворы неэлектролитов в жидкостях  |f М. Ю. Никифоров [и др.]  |g Академия наук СССР (АН СССР), Институт химии неводных растворов (ИХНР) ; под ред. Г. А. Крестова 
210 |a Москва  |c Наука  |d 1989 
215 |a 263 с.  |c ил. 
225 1 |a Проблемы химии растворов 
320 |a Библиогр.: с. 259-261. 
606 1 |a Растворы  |x Химия  |2 stltpush  |3 (RuTPU)RU\TPU\subj\23901  |9 48393 
610 1 |a неэлектролиты 
610 1 |a химические растворы 
610 1 |a физико-химические свойства 
610 1 |a термохимия 
610 1 |a сольватация 
610 1 |a порфирины 
610 1 |a целлюлоза 
610 1 |a жидкие кристаллы 
675 |a 544.35  |v 3 
701 1 |a Никифоров  |b М. Ю.  |g Михаил Юрьевич 
701 1 |a Альпер  |b Г. А.  |g Геннадий Аркадьевич 
701 1 |a Дуров  |b В. А.  |g Владимир Алексеевич 
701 1 |a Королев  |b В. П.  |g Валерий Павлович 
701 1 |a Вьюгин  |b А. И.  |g Анатолий Иванович 
701 1 |a Крестов  |b Г. А.  |g Геннадий Алексеевич 
701 1 |a Мясоедова  |b В. В.  |g Вера Васильевна 
701 1 |a Крестов  |b А. Г.  |g Андрей Геннадьевич 
702 1 |a Крестов  |b Г. А.  |4 340 
712 0 2 |a Академия наук СССР (АН СССР)  |b Институт химии неводных растворов (ИХНР)  |c (Иваново)  |2 stltpush  |3 (RuTPU)RU\TPU\col\7921 
801 1 |a RU  |b 63413507  |c 20140212 
801 2 |a RU  |b 63413507  |c 20140214  |g RCR 
942 |c BK